Classement ATP 2026 - Statistiques

Statistiques générales
  • Ce quiz a été pris 82 fois
    9 depuis la dernière actualisation
  • Le résultat moyen est 70 sur 100
Statistiques - réponses
Classement ATP Nationalité Réponse % Correct
23 Espagne Alejandro Davidovich Fokina
100%
11 Kazakhstan Alexander Bublik
100%
3 Allemagne Alexander Zverev
100%
7 Australie Alex De Minaur
100%
15 Russie Andrey Rublev
100%
30 France Arthur Fils
100%
26 France Arthur Rinderknech
100%
6 Etats-Unis Ben Shelton
100%
24 Royaume-Uni Cameron Norrie
100%
2 Espagne Carlos Alcaraz
100%
12 Norvège Casper Ruud
100%
10 Russie Daniil Medvedev
100%
5 Canada Felix Auger-Aliassime
100%
16 Italie Flavio Cobolli
100%
19 Argentine Francisco Cerundolo
100%
20 Etats-Unis Francis Tiafoe
100%
27 Danemark Holger Rune
100%
34 France Hugo Humbert
100%
28 Royaume-Uni Jack Draper
100%
25 Rep.Tchèque Jacub Mensik
100%
38 Espagne Jaime Munar
100%
1 Italie Jannik Sinner
100%
69 Argentine J. Cerundolo
100%
13 Rep.Tchèque Jiri Lehecka
100%
22 Etats-Unis Learner Tien
100%
9 Italie Lorenzo Musetti
100%
21 Italie Luciano Darderi
100%
4 Serbie Novak Djokovic
100%
57 Argentine Sebastian Baez
100%
8 Etats Unis Taylor Fritz
100%
47 Rep. Tcchèque Tomas Machac
100%
18 Etats-Unis Tommy Paul
100%
17 Monaco Valentin Vacherot
100%
46 France Adrian Mannarino
83%
45 Chili Alejandro Tabilo
83%
31 France Corentin Moutet
83%
35 Bresil Joao Fonseca
83%
14 Russie Karen Khachanov
83%
44 Argentine Mariano Navone
83%
52 Portugal Nuno Borges
83%
68 Etats-unis R. Opelka
83%
67 Grèce S. Tsitsipas
83%
32 Pays Bas Tallon Griekspoor
83%
29 Argentine Tomas Martin Etcheverry
83%
71 Belgique A. Blockx
67%
70 France A. Cazaux
67%
99 Etats-Unis A. Kovacevic
67%
59 Australie Alexei Popyrin
67%
36 Etats-Unis Alex Michelsen
67%
33 Etats-Unis Brandon Nakashima
67%
56 Allemagne Daniel Altmaier
67%
39 Canada Denis Shapovalov
67%
37 Canada Gabriel Diallo
67%
100 France L. Van Assche
67%
48 Croatie Marin Cilic
67%
91 Italie M. Berrettini
67%
90 France Q. Halys
67%
55 Espagne Rafael Jodar
67%
65 Belgique R. Collignon
67%
40 Belgique Zizou Bergs
67%
95 France A. Muller
50%
74 Kazakhstan A. Shevchenko
50%
89 Australie A. Vukic
50%
49 Pays-Bas Botic Van De Zandschulp
50%
83 Chili C. Garín
50%
64 Argentine C. Ugo
50%
82 Bosnie-Herzegovine D. Džumhur
50%
50 Etats-Unis Ethan Quinn
50%
42 Hongrie Fabian Marozsan
50%
92 Argentine F. Comesaña
50%
53 France Giovanni Mpetshi Perricard
50%
63 Pologne H. Hurkacz
50%
88 Serbie H. Medjedovic
50%
60 Perou Ignacio Buse
50%
98 Royaume-Uni J. Fearnley
50%
72 Pologne K. Majchrzak
50%
66 Italie L. Sonego
50%
54 Hongrie Márton Fucsovics
50%
78 Italie M. Bellucci
50%
58 Serbie Miomir Kecmanovic
50%
93 Espagne R. Bautista
50%
61 Argentine Román Burruchaga
50%
43 Etats-Unis Sebastian Korda
50%
86 Autriche S. Ofner
50%
41 France Terence Atmane
50%
73 Argentine T. Tirante
50%
77 Rep.Tchèque V. Kopriva
50%
76 France V. Royer
50%
51 Allemagne Yannick Hanfmann
50%
87 Croatie D. Prizmic
33%
85 Etats-Unis E. Spizzirri
33%
62 Etats-unis Jenson Brooksby
33%
81 Allemagne J. Struff
33%
75 Etats-Unis M. Giron
33%
96 Etats-Unis P. Kypson
33%
97 Paraguay Daniel Vallejo
17%
80 Australie J. Duckworth
17%
79 Argentine M. Trungelliti
17%
94 Espagne P. Carreño
17%
84 Etats-Unis Z. Svajda
17%
Aucun quiz correspondant
Distribution des résultats
% des personnes avec chaque résultat
Percentile par nombre de réponses
Votre historique - résultats
Vous n’avez pas pris ce quiz depuis la dernière actualisation